[Event "Elit(Eksjo-Astorp)"]
[Site "?"]
[Date "2007.01.20"]
[Round "6"]
[White "Miskulin, Dennis"]
[Black "Ivarsson, Stefan"]
[Result "1/2-1/2"]
[WhiteElo "2271"]
[BlackElo "2303"]
[PlyCount "110"]
[EventDate "2007.??.??"]

1. e4 e6 2. d4 d5 3. Nc3 Bb4 4. Nge2 dxe4 5. a3 Bxc3+ 6. Nxc3 Nc6 7. Bb5 Nge7
8. Nxe4 a6 9. Bxc6+ Nxc6 10. c3 e5 11. d5 Ne7 12. c4 O-O 13. O-O c6 14. Nc3
cxd5 15. cxd5 Nf5 16. Re1 Re8 17. Be3 Nxe3 18. Rxe3 b5 19. Qb3 Bf5 20. Rae1 f6
21. f4 Qb6 22. Kh1 Bg6 23. fxe5 fxe5 24. Qd1 Qd4 25. Qe2 e4 26. Rd1 Qe5 27. Qd2
Rad8 28. Qd4 Qxd4 29. Rxd4 Re5 30. Kg1 Kf7 31. Kf2 Bf5 32. Re1 Ke7 33. Ke3 Kd6
34. a4 Kc5 35. axb5 axb5 36. Ra1 Kb6 37. Rb4 Bd7 38. Rb3 Kc5 39. Nxe4+ Kxd5 40.
Rd3+ Ke6 41. Rad1 g6 42. g4 b4 43. Rd6+ Ke7 44. Kf4 Re6 45. Rxd7+ Rxd7 46.
Rxd7+ Kxd7 47. Nc5+ Ke7 48. Nxe6 Kxe6 49. Ke4 h5 50. gxh5 gxh5 51. b3 h4 52. h3
Kd6 53. Kd4 Ke6 54. Ke4 Kd6 55. Kd4 Ke6 1/2-1/2

[Event "Elit(Eksjo-Astorp)"]
[Site "?"]
[Date "2007.01.20"]
[Round "6"]
[White "Fagerstrom, Bjorn"]
[Black "de Verdier, Michael"]
[Result "1/2-1/2"]
[WhiteElo "2238"]
[BlackElo "2224"]
[PlyCount "94"]
[EventDate "2007.??.??"]

1. d4 e6 2. Nf3 Nf6 3. Bg5 c5 4. e3 Nc6 5. c3 h6 6. Bh4 Be7 7. Bd3 O-O 8. Nbd2
b6 9. Qe2 cxd4 10. exd4 Nd5 11. Bxe7 Qxe7 12. g3 f5 13. O-O-O Bb7 14. Rhe1 Rac8
15. Kb1 a5 16. a3 Nxc3+ 17. bxc3 Qxa3 18. Nc4 Qxc3 19. Qb2 Qxb2+ 20. Kxb2 Nb4
21. Nfe5 Ba6 22. Na3 Nxd3+ 23. Nxd3 Rc7 24. Ne5 b5 25. Rc1 Rfc8 26. Rxc7 Rxc7
27. Rc1 Rxc1 28. Kxc1 b4 29. Nc2 Bb5 30. Kb2 d6 31. Nf3 Kf7 32. Nd2 Kf6 33. Nb3
a4 34. Nd2 b3 35. Na3 Bc6 36. Kc3 Kg5 37. f3 e5 38. Nac4 e4 39. fxe4 fxe4 40.
Nxd6 e3 41. N2c4 e2 42. Kd2 b2 43. Na3 Kg4 44. Kxe2 Bd5 45. Kd2 Kh3 46. Nf5
Kxh2 47. Nxg7 Kxg3 1/2-1/2

[Event "Elit(Eksjo-Astorp)"]
[Site "?"]
[Date "2007.01.20"]
[Round "6"]
[White "Rothen, Hakan"]
[Black "Tallinger, Thomas"]
[Result "1/2-1/2"]
[WhiteElo "2316"]
[BlackElo "2222"]
[PlyCount "95"]
[EventDate "2007.??.??"]

1. d4 e6 2. e4 d5 3. exd5 exd5 4. Bd3 Bd6 5. Nc3 c6 6. Qf3 Qf6 7. Be3 Qxf3 8.
Nxf3 Bg4 9. Ne5 Bh5 10. g4 Bxe5 11. dxe5 Bxg4 12. Rg1 h5 13. f3 Bxf3 14. Kd2
Bg4 15. h3 Be6 16. Rxg7 Nd7 17. Rag1 O-O-O 18. R1g5 Ne7 19. Ne2 c5 20. Nf4 Nc6
21. Bf5 d4 22. Bf2 Bxf5 23. Rxf5 Ncxe5 24. Nxh5 Rde8 25. b3 Rh6 26. Bg3 Rd6 27.
c3 dxc3+ 28. Kxc3 b5 29. Nf4 b4+ 30. Kc2 Ra6 31. Kb1 c4 32. bxc4 f6 33. Nd5
Nxc4 34. Nc7 Na3+ 35. Ka1 Rc6 36. Kb2 Rxc7 37. Bxc7 Kxc7 38. Rxf6 Re3 39. Rf4
a5 40. Rd4 Re2+ 41. Kb3 Re3+ 42. Ka4 Kc6 43. Rdxd7 Nc4 44. Rc7+ Kb6 45. Rb7+
Ka6 46. Ra7+ Kb6 47. Rab7+ Ka6 48. Ra7+ 1/2-1/2

[Event "Elit(Eksjo-Astorp)"]
[Site "?"]
[Date "2007.01.20"]
[Round "6"]
[White "Josefsson, Kenneth"]
[Black "Krantz, Christopher"]
[Result "0-1"]
[WhiteElo "1981"]
[BlackElo "2197"]
[PlyCount "123"]
[EventDate "2007.??.??"]

1. e3 Nf6 2. c4 c5 3. Nf3 d5 4. cxd5 Nxd5 5. a3 Nc6 6. Qc2 e6 7. Nc3 Nxc3 8.
dxc3 Bd6 9. e4 Qc7 10. Be3 b6 11. Bb5 Bb7 12. O-O O-O 13. h3 h6 14. Qe2 Rad8
15. Bd3 Bf4 16. Rad1 Bxe3 17. Qxe3 Ne5 18. Nxe5 Qxe5 19. f4 Qc7 20. Be2 Qc6 21.
Bf3 Qa4 22. e5 Bxf3 23. Qxf3 Qc2 24. Rxd8 Rxd8 25. Rf2 Qd1+ 26. Qxd1 Rxd1+ 27.
Kh2 Rd3 28. g3 Kf8 29. Kg2 Ke7 30. Re2 Kd7 31. Kf2 Kc6 32. Re3 Rd2+ 33. Re2 Rd1
34. Ke3 Kd5 35. Rf2 g6 36. Ke2 Rh1 37. h4 Ke4 38. Kd2 Rg1 39. Re2+ Kf5 40. Re3
c4 41. Ke2 h5 42. Kf2 Rd1 43. Re2 b5 44. Kf3 a5 45. Kf2 Rd3 46. Re1 Rd2+ 47.
Ke3 Rd3+ 48. Kf2 Kg4 49. a4 Rf3+ 50. Ke2 bxa4 51. Ra1 Rxg3 52. Rxa4 Kxf4 53.
Rxc4+ Kxe5 54. Rc5+ Ke4 55. Rc4+ Kd5 56. Ra4 Rg2+ 57. Kf3 Rxb2 58. Rxa5+ Kc6
59. Kf4 Rf2+ 60. Ke4 Rh2 61. Ra7 Rxh4+ 62. Ke3 0-1

[Event "Elit(Eksjo-Astorp)"]
[Site "?"]
[Date "2007.01.20"]
[Round "6"]
[White "Andersson, Johan"]
[Black "Bengtsson, Jan"]
[Result "0-1"]
[WhiteElo "2148"]
[BlackElo "2064"]
[PlyCount "54"]
[EventDate "2007.??.??"]

1. e4 c6 2. c4 d5 3. cxd5 cxd5 4. exd5 Nf6 5. Bb5+ Bd7 6. Bc4 Qc7 7. d3 b5 8.
Bb3 a5 9. a3 Na6 10. Be3 g6 11. Nc3 Bg7 12. Qd2 Nc5 13. Bxc5 Qxc5 14. Ne4 Qb6
15. Nf3 O-O 16. O-O Bf5 17. Rfe1 Rad8 18. Ng3 e6 19. dxe6 Rxd3 20. exf7+ Kh8
21. Qf4 Rxb3 22. Nxf5 gxf5 23. Ng5 Ne4 24. Nxe4 fxe4 25. Rxe4 Qf6 26. Qc7 Rxb2
27. Rf4 Rc2 0-1

[Event "Elit(Wasa-LASK)"]
[Site "?"]
[Date "2007.01.20"]
[Round "6"]
[White "Niklasson, Christer"]
[Black "von Bahr, Oskar"]
[Result "0-1"]
[WhiteElo "2414"]
[BlackElo "2387"]
[PlyCount "72"]
[EventDate "2007.??.??"]
[SourceDate "2007.01.30"]

1. d4 Nf6 2. c4 g6 3. Nc3 d5 4. cxd5 Nxd5 5. Bd2 Bg7 6. e4 Nb6 7. Be3 O-O 8. h3
Nc6 9. Nf3 f5 10. Qb3+ Kh8 11. exf5 Bxf5 12. Rd1 a5 13. Bb5 Nb4 14. Rd2 c6 15.
Ba4 Nd7 16. Qd1 b5 17. a3 Nd3+ 18. Rxd3 Bxd3 19. Qxd3 Nc5 20. Qd1 Nxa4 21. Nxa4
bxa4 22. Qxa4 Qd5 23. O-O Rab8 24. Rc1 Rxb2 25. Rxc6 Rb1+ 26. Rc1 Rfb8 27. Rxb1
Rxb1+ 28. Kh2 Qb5 29. Qc2 Qb8+ 30. g3 Qb7 31. Ng1 Bf6 32. Qc5 Qb5 33. Nf3 Kg7
34. g4 Qxc5 35. dxc5 Kf7 36. Bd2 Rb3 0-1

[Event "Elit(Wasa-LASK)"]
[Site "?"]
[Date "2007.01.20"]
[Round "6"]
[White "Hellborg, Teodor"]
[Black "Olsson, Linus"]
[Result "0-1"]
[WhiteElo "2389"]
[BlackElo "2484"]
[PlyCount "62"]
[EventDate "2007.??.??"]

1. d4 d5 2. c4 e6 3. Nc3 Be7 4. cxd5 exd5 5. Bf4 c6 6. e3 Nf6 7. Bd3 Nbd7 8. g4
Qb6 9. Rb1 h6 10. h3 Nf8 11. Nf3 Ne6 12. Be5 Ng5 13. Kf1 Be6 14. Kg2 Qd8 15.
Nxg5 hxg5 16. f4 Bd6 17. Qf3 Bxe5 18. fxe5 Nd7 19. b4 O-O 20. Qg3 f6 21. exf6
Rxf6 22. h4 Rh6 23. hxg5 Qxg5 24. Rxh6 gxh6 25. Bf5 Re8 26. Re1 Nf6 27. Kf3 Kh8
28. Qf4 Bxf5 29. Qxf5 Qh4 30. Rg1 Qh3+ 31. Kf4 Qxe3# 0-1

[Event "Elit(Wasa-LASK)"]
[Site "?"]
[Date "2007.01.20"]
[Round "6"]
[White "Semcesen, Daniel"]
[Black "Lyrberg, Patrik"]
[Result "1/2-1/2"]
[WhiteElo "2411"]
[BlackElo "2527"]
[PlyCount "77"]
[EventDate "2007.??.??"]

1. d4 Nf6 2. c4 e6 3. Nf3 Bb4+ 4. Nbd2 d5 5. a3 Be7 6. g3 O-O 7. Bg2 b6 8. O-O
Bb7 9. b3 Nbd7 10. Bb2 dxc4 11. Nxc4 c5 12. Rc1 b5 13. Nce5 Nxe5 14. Nxe5 Bxg2
15. Kxg2 Qd5+ 16. Kg1 Rfd8 17. Qd3 Qb7 18. Rfd1 cxd4 19. Qf3 Qxf3 20. exf3 Bf8
21. Nc6 Rd7 22. Rxd4 Nd5 23. Ne5 Rb7 24. f4 g6 25. Rd2 b4 26. a4 f6 27. Ng4 Kf7
28. Ne3 Nxe3 29. fxe3 Be7 30. Kf2 Rd8 31. Rxd8 Bxd8 32. Bd4 a5 33. Ke2 Rd7 34.
Rc6 Bc7 35. Bb2 Ke7 36. Bd4 Kf7 37. Bb2 Ke7 38. Bd4 Kf7 39. Bb2 1/2-1/2

[Event "Elit(Wasa-LASK)"]
[Site "?"]
[Date "2007.01.20"]
[Round "6"]
[White "Genkin, Michael"]
[Black "Tikkanen, Hans"]
[Result "1/2-1/2"]
[WhiteElo "2350"]
[BlackElo "2430"]
[PlyCount "51"]
[EventDate "2007.??.??"]

1. e4 c5 2. Nf3 Nc6 3. d4 cxd4 4. Nxd4 Nf6 5. Nc3 e5 6. Ndb5 d6 7. Nd5 Nxd5 8.
exd5 Nb8 9. c4 Be7 10. Be2 O-O 11. O-O a6 12. Nc3 Nd7 13. Be3 f5 14. f3 b6 15.
Kh1 a5 16. Qc2 g6 17. a3 Ba6 18. b3 Qc7 19. Rac1 Rac8 20. Qb1 Qb8 21. Rc2 Nf6
22. Rfc1 Kg7 23. Qb2 f4 24. Bf2 Bd8 25. Bd3 Rf7 26. Ne4 1/2-1/2

[Event "Elit(Wasa-LASK)"]
[Site "?"]
[Date "2007.01.20"]
[Round "6"]
[White "Lund, Esben"]
[Black "Astrom, Goran"]
[Result "1-0"]
[WhiteElo "2353"]
[BlackElo "2300"]
[PlyCount "113"]
[EventDate "2007.??.??"]

1. d4 Nf6 2. c4 e6 3. Nc3 Bb4 4. e3 c5 5. Bd3 Nc6 6. Nf3 Bxc3+ 7. bxc3 d6 8. e4
e5 9. d5 Ne7 10. Nh4 h6 11. f4 exf4 12. Bxf4 Ng4 13. Nf5 Bxf5 14. exf5 Ne5 15.
f6 gxf6 16. O-O N7g6 17. Bxg6 fxg6 18. Bxe5 dxe5 19. Qb1 f5 20. Qxb7 O-O 21. d6
Qxd6 22. Rad1 Qf6 23. Rd7 Rad8 24. Rfd1 Rxd7 25. Rxd7 e4 26. Qd5+ Rf7 27. Rxa7
Kg7 28. Rxf7+ Qxf7 29. Qxc5 Qb7 30. Qe5+ Kh7 31. h3 Qb1+ 32. Kh2 Qd3 33. c5 e3
34. c6 e2 35. Qe7+ Kg8 36. c7 Qxc3 37. Qd8+ Kh7 38. Qd7+ Qg7 39. c8=Q e1=Q 40.
Qcc7 Qxd7 41. Qxd7+ Kg8 42. Qd5+ Kg7 43. a4 Qc3 44. a5 f4 45. Qb7+ Kf6 46. Qb6+
Kf5 47. a6 Qg3+ 48. Kh1 Qe1+ 49. Qg1 Qa5 50. a7 g5 51. Qb1+ Kf6 52. Qb2+ Kg6
53. Qc2+ Kg7 54. Qf2 Qa1+ 55. Kh2 Qa3 56. Qd4+ Kf7 57. Qe4 1-0

[Event "Elit(Wasa-LASK)"]
[Site "?"]
[Date "2007.01.20"]
[Round "6"]
[White "Collett, Peter"]
[Black "Smith, Axel"]
[Result "0-1"]
[WhiteElo "2219"]
[BlackElo "2343"]
[PlyCount "62"]
[EventDate "2007.??.??"]

1. d4 d5 2. c4 c6 3. Nc3 Nf6 4. e3 a6 5. Bd3 b5 6. b3 Bg4 7. Qc2 Bh5 8. Nge2
Bg6 9. e4 b4 10. e5 bxc3 11. exf6 gxf6 12. f4 Bxd3 13. Qxd3 e6 14. f5 e5 15.
Qxc3 Bd6 16. Be3 a5 17. O-O c5 18. dxc5 d4 19. Nxd4 exd4 20. Bxd4 Be7 21. Rfe1
O-O 22. Rxe7 Qxe7 23. Re1 Qc7 24. Re4 Rd8 25. Rg4+ Kf8 26. Qe3 Rxd4 27. Rxd4
Nd7 28. Rd5 Re8 29. Qd4 Ne5 30. a3 Qe7 31. h3 Nf3+ 0-1

[Event "Elit(Wasa-LASK)"]
[Site "?"]
[Date "2007.01.20"]
[Round "6"]
[White "Dragicevic, Drazen"]
[Black "Berkell, Peder"]
[Result "1-0"]
[WhiteElo "2303"]
[BlackElo "2218"]
[PlyCount "107"]
[EventDate "2007.??.??"]

1. c4 g6 2. Nc3 Bg7 3. d4 d6 4. g3 Nf6 5. Bg2 O-O 6. e4 Nbd7 7. f4 a6 8. e5 Ne8
9. Be3 c5 10. Nf3 cxd4 11. Bxd4 dxe5 12. Nxe5 Nef6 13. O-O Nxe5 14. Bxe5 Qb6+
15. Qd4 Qxd4+ 16. Bxd4 Ng4 17. Bxg7 Kxg7 18. Nd5 Rb8 19. Bf3 e6 20. Nb6 Ne3 21.
Rfc1 e5 22. fxe5 Bf5 23. Rc3 Ng4 24. Re1 Rfe8 25. Bxg4 Bxg4 26. c5 Rbd8 27. Nc4
Rd5 28. b4 a5 29. Nxa5 Rdxe5 30. Rxe5 Rxe5 31. Rc2 Bh3 32. Kf2 b6 33. cxb6 Rb5
34. b7 Rxb4 35. Rc8 Rxb7 36. Nxb7 Bxc8 37. Nd6 Bd7 38. Ke3 Kf6 39. Kd4 Ba4 40.
Ne4+ Kf5 41. Nc3 Bc6 42. Kc5 Ba8 43. a4 Kg4 44. a5 f5 45. Nd5 g5 46. Ne3+ Kh3
47. Nxf5 Kxh2 48. g4 Kh3 49. Nh6 Kg3 50. a6 Kf4 51. Kd6 Be4 52. a7 Bh1 53. Kc7
Ke5 54. Nf7+ 1-0

[Event "Elit(Wasa-LASK)"]
[Site "?"]
[Date "2007.01.20"]
[Round "6"]
[White "Nordstrom, Felix"]
[Black "Johnson, Bjorn"]
[Result "1/2-1/2"]
[WhiteElo "2143"]
[BlackElo "2291"]
[PlyCount "35"]
[EventDate "2007.??.??"]

1. d4 e6 2. c4 f5 3. g3 Nf6 4. Bg2 d5 5. Nf3 c6 6. O-O Bd6 7. b3 Qe7 8. Bb2 O-O
9. Qc1 b6 10. Ba3 Bb7 11. Bxd6 Qxd6 12. Qa3 Qxa3 13. Nxa3 Nbd7 14. Rac1 Rfc8
15. Rc2 Kf8 16. Rfc1 Ke7 17. e3 Ne4 18. Nb1 1/2-1/2

[Event "Elit(Linkoping-Sollentuna)"]
[Site "?"]
[Date "2007.01.20"]
[Round "6"]
[White "Agrest, Evgenij"]
[Black "Rosberg, Simon"]
[Result "1-0"]
[WhiteElo "2671"]
[BlackElo "2345"]
[PlyCount "93"]
[EventDate "2007.??.??"]
[SourceDate "2007.01.30"]

1. Nf3 e6 2. c4 f5 3. g3 Nf6 4. Bg2 d5 5. O-O Be7 6. b3 Nc6 7. Bb2 O-O 8. e3 a5
9. Nc3 Ne4 10. Nb5 Bd7 11. d3 Nd6 12. Nc3 Bf6 13. Qd2 Ne7 14. Rad1 Bc6 15. Ne2
Qe8 16. Nfd4 dxc4 17. Nxc6 Nxc6 18. bxc4 Bxb2 19. Qxb2 Rb8 20. c5 Nc8 21. Nf4
b5 22. d4 Nd8 23. d5 exd5 24. Rxd5 c6 25. Rd2 Nb7 26. Rc1 Na7 27. Rd4 Qe7 28.
Qb3+ Qf7 29. Qc2 Rbd8 30. Rcd1 a4 31. Nd3 Qe7 32. Nb4 Qf6 33. a3 Rxd4 34. exd4
Rd8 35. d5 Na5 36. dxc6 N5xc6 37. Rxd8+ Nxd8 38. Bd5+ Kh8 39. Qe2 Qf8 40. c6
Nf7 41. Bxf7 Qxf7 42. Qe5 Qf8 43. c7 h6 44. Qd4 Nc8 45. Qd8 Kg8 46. Nd5 Kf7 47.
Qd7+ 1-0

[Event "Elit(Linkoping-Sollentuna)"]
[Site "?"]
[Date "2007.01.20"]
[Round "6"]
[White "Malesevic, Nedeljko"]
[Black "Dzevlan, Miralem"]
[Result "1-0"]
[WhiteElo "2342"]
[BlackElo "2447"]
[PlyCount "87"]
[EventDate "2007.??.??"]

1. d4 Nf6 2. c4 g6 3. Nc3 d5 4. Nf3 Bg7 5. Qb3 dxc4 6. Qxc4 O-O 7. e4 Nfd7 8.
Be3 Nc6 9. Qb3 e5 10. d5 Nd4 11. Qd1 Nxf3+ 12. Qxf3 f5 13. Bc4 Nf6 14. Bc5 Re8
15. d6+ Kh8 16. Bf7 fxe4 17. Qe2 Bg4 18. f3 exf3 19. gxf3 cxd6 20. Bxe8 dxc5
21. Bxg6 Bh3 22. Bd3 Bh6 23. Rd1 Qg8 24. Qf2 Qg5 25. Rg1 Qe3+ 26. Qxe3 Bxe3 27.
Rg3 Be6 28. Be4 Bd4 29. Rg2 Rb8 30. Nb5 Bxa2 31. Ra1 Bf7 32. Rxa7 Nxe4 33. fxe4
Bg6 34. Nxd4 exd4 35. Rg5 Bxe4 36. Rxc5 Rg8 37. Re5 Bc6 38. Kd2 Rg2+ 39. Re2
Rg5 40. Ra8+ Kg7 41. Rd8 Bb5 42. Re7+ Kf6 43. Rxb7 d3 44. Rd6+ 1-0

[Event "Elit(Linkoping-Sollentuna)"]
[Site "?"]
[Date "2007.01.20"]
[Round "6"]
[White "Carlsson, Pontus"]
[Black "Olsson, Conny"]
[Result "1/2-1/2"]
[WhiteElo "2629"]
[BlackElo "2251"]
[PlyCount "80"]
[EventDate "2007.??.??"]

1. e4 a6 2. d4 b5 3. Nf3 Bb7 4. Bd3 Nf6 5. Qe2 e6 6. a4 b4 7. O-O h6 8. Nbd2 c5
9. e5 Nd5 10. dxc5 Bxc5 11. Ne4 Be7 12. Bd2 Nc6 13. c4 bxc3 14. bxc3 g5 15.
Rab1 Rb8 16. Nd6+ Bxd6 17. exd6 Qf6 18. Rb2 O-O 19. Rfb1 Ba8 20. Rxb8 Rxb8 21.
Rxb8+ Nxb8 22. Qe4 Bc6 23. Ne5 a5 24. h4 Nf4 25. Nxc6 Nxc6 26. Bf1 e5 27. hxg5
hxg5 28. g3 Qxd6 29. Be3 Ne6 30. Bd3 Kf8 31. Qh7 e4 32. Qxe4 Nc5 33. Bxc5 Qxc5
34. c4 Qe5 35. Qf3 Ke7 36. Be4 Nd4 37. Qg4 Ne6 38. Bd5 Qa1+ 39. Kg2 Qxa4 40.
Bxe6 dxe6 1/2-1/2

[Event "Elit(Linkoping-Sollentuna)"]
[Site "?"]
[Date "2007.01.20"]
[Round "6"]
[White "Fransson, Jorgen"]
[Black "Ong, Kezli"]
[Result "0-1"]
[WhiteElo "2126"]
[BlackElo "2381"]
[PlyCount "112"]
[EventDate "2007.??.??"]

1. d4 Nf6 2. Nf3 e6 3. c4 Bb4+ 4. Bd2 Qe7 5. g3 Nc6 6. Nc3 Bxc3 7. Bxc3 Ne4 8.
Rc1 O-O 9. Bg2 d6 10. d5 Nxc3 11. Rxc3 Nb8 12. dxe6 fxe6 13. O-O Nd7 14. Nd4
Nf6 15. Qd2 e5 16. Nc2 e4 17. Ne3 Be6 18. Qd4 c5 19. Qd2 Rad8 20. Qc2 Bf7 21.
Rd1 a6 22. a4 Rfe8 23. a5 Qc7 24. Qa4 Re5 25. Rc2 Be8 26. Qa3 Bc6 27. Rcd2 Rh5
28. h3 h6 29. g4 Re5 30. Nf5 Ne8 31. Qc3 Re6 32. b4 Rd7 33. b5 axb5 34. cxb5
Bxb5 35. Qb3 c4 36. Qxb5 Nf6 37. Qb6 Qb8 38. Rxd6 Rexd6 39. Rxd6 Rxd6 40. Qxd6
Qxd6 41. Nxd6 c3 42. Nxe4 c2 43. Nxf6+ gxf6 44. Bxb7 c1=Q+ 45. Kg2 Qa3 46. a6
Kf7 47. h4 Ke6 48. e3 Kd6 49. Kf3 Kc5 50. Kf4 Qb2 51. Kf5 Qxf2+ 52. Kg6 Kb6 53.
e4 Qxh4 54. Kh7 Qxg4 55. Kxh6 Qg1 56. Bc8 Qc1+ 0-1

[Event "Elit(Linkoping-Sollentuna)"]
[Site "?"]
[Date "2007.01.20"]
[Round "6"]
[White "Bergstrom, Peter"]
[Black "Klashed, Martin"]
[Result "1/2-1/2"]
[WhiteElo "2359"]
[BlackElo "2160"]
[PlyCount "60"]
[EventDate "2007.??.??"]

1. e4 c5 2. Nf3 e6 3. d4 cxd4 4. Nxd4 Nc6 5. Nc3 Qc7 6. Be2 a6 7. O-O Nf6 8.
Be3 Bb4 9. Na4 Be7 10. Nxc6 bxc6 11. Nb6 Rb8 12. Nxc8 Qxc8 13. Bd4 d5 14. Qd3
c5 15. Be5 Rb6 16. Qg3 O-O 17. exd5 exd5 18. Rad1 Qe6 19. Bf3 Bd6 20. Rxd5 Bxe5
21. Rxe5 Qxa2 22. Rxc5 Rxb2 23. c4 Rb1 24. Qd6 Re8 25. g3 h6 26. Qd3 Rb3 27.
Qf5 Rc3 28. Bd5 Qc2 29. Qxc2 Rxc2 30. Ra5 Nxd5 1/2-1/2

[Event "Elit(Linkoping-Sollentuna)"]
[Site "?"]
[Date "2007.01.20"]
[Round "6"]
[White "Wickstrom, Lucas"]
[Black "Couso, Luis"]
[Result "0-1"]
[WhiteElo "2153"]
[BlackElo "2343"]
[PlyCount "92"]
[EventDate "2007.??.??"]

1. d4 d5 2. c4 dxc4 3. e3 Nf6 4. Bxc4 e6 5. Nc3 a6 6. a4 c5 7. Nf3 Nc6 8. O-O
Be7 9. Qe2 cxd4 10. Rd1 O-O 11. Nxd4 Nxd4 12. exd4 Nd5 13. Qf3 Nxc3 14. bxc3
Qc7 15. Bd3 Bd6 16. h3 e5 17. Ba3 Bxa3 18. Rxa3 exd4 19. cxd4 g6 20. Be4 Rb8
21. Rc3 Qd6 22. a5 Rd8 23. Rb1 Be6 24. Rxb7 Qxd4 25. Rcc7 Rxb7 26. Bxb7 Qa1+
27. Kh2 Qxa5 28. Qc3 Qxc3 29. Rxc3 a5 30. Ra3 Rb8 31. Ba6 Ra8 32. Rxa5 Bc8 33.
Bxc8 Rxa5 34. h4 Rc5 35. Bb7 Kg7 36. g4 Rb5 37. Bc6 Rb3 38. f3 Rc3 39. Bb7 h6
40. Kg3 g5 41. hxg5 hxg5 42. Be4 Kf6 43. Bb7 Ke5 44. Ba6 Kd4 45. Kf2 Rc2+ 46.
Be2 f6 0-1

[Event "Elit(Linkoping-Sollentuna)"]
[Site "?"]
[Date "2007.01.20"]
[Round "6"]
[White "Andersson, Fredrik"]
[Black "Axelsson, Tom"]
[Result "1/2-1/2"]
[WhiteElo "2350"]
[BlackElo "2121"]
[PlyCount "118"]
[EventDate "2007.??.??"]

1. e4 Nf6 2. e5 Nd5 3. d4 d6 4. Nf3 Bg4 5. Be2 e6 6. O-O Be7 7. c4 Nb6 8. Nc3
O-O 9. h3 Bh5 10. Be3 d5 11. c5 Bxf3 12. gxf3 N6d7 13. Rb1 f5 14. f4 Kh8 15.
Kh2 Rg8 16. Rg1 Nc6 17. b4 Qf8 18. Qd2 a6 19. b5 axb5 20. Bxb5 Ra7 21. Rb2 Qa8
22. Rgb1 b6 23. Ne2 bxc5 24. dxc5 Ndxe5 25. fxe5 Nxe5 26. Ng1 Ra3 27. Bd4 Ng6
28. f4 c6 29. Be2 Qa5 30. Qxa5 Rxa5 31. Kg3 Bf6 32. Nf3 Ra4 33. Ne5 Bxe5 34.
Bxe5 Nxe5 35. fxe5 Re4 36. Bf3 Re3 37. Rb6 g5 38. Kf2 Rxe5 39. Rxc6 g4 40. hxg4
fxg4 41. Bg2 h5 42. Kg3 Re2 43. Rg1 Ra8 44. Kh4 Raxa2 45. Kxh5 Kg7 46. Bf3 Re5+
47. Kxg4 Kf6 48. Rf1 Rg5+ 49. Kh3 Ra3 50. Kh2 Ke5 51. Rc8 Rc3 52. Rf2 Kd4 53.
c6 Rg7 54. Bg2 Rh7+ 55. Kg1 Rc1+ 56. Rf1 Rc2 57. Rf2 Rc1+ 58. Bf1 Ke3 59. Re2+
Kd4 1/2-1/2

[Event "Elit(Linkoping-Sollentuna)"]
[Site "?"]
[Date "2007.01.20"]
[Round "6"]
[White "Carlsson, Ingvar"]
[Black "Agrest, Inna"]
[Result "1-0"]
[WhiteElo "2073"]
[BlackElo "2354"]
[PlyCount "57"]
[EventDate "2007.??.??"]

1. e4 e5 2. Nf3 Nc6 3. Bc4 Nf6 4. Ng5 d5 5. exd5 Na5 6. Bb5+ c6 7. dxc6 bxc6 8.
Be2 h6 9. Nh3 Bc5 10. d3 Rb8 11. O-O O-O 12. Kh1 Bxh3 13. gxh3 Nd5 14. Bf3 Qh4
15. Qe1 Nb7 16. Qxe5 Qxh3 17. Bg2 Qh4 18. Qg3 Qf6 19. Nd2 Nd6 20. Ne4 Nxe4 21.
dxe4 Bd6 22. f4 Nxf4 23. Bxf4 Bxf4 24. Qxf4 Qxb2 25. e5 Qxc2 26. Be4 Qe2 27.
Rg1 Rfd8 28. Raf1 Qxa2 29. Qxh6 1-0

[Event "Elit(Vasteras-Wasa)"]
[Site "?"]
[Date "2007.02.10"]
[Round "7"]
[White "Lyrberg, Patrik"]
[Black "Eriksson, Johan"]
[Result "1/2-1/2"]
[WhiteElo "2527"]
[BlackElo "2448"]
[PlyCount "79"]
[EventDate "2007.02.19"]
[SourceDate "2007.02.19"]

1. Nf3 Nf6 2. d4 e6 3. c4 d5 4. Nc3 c6 5. e3 Nbd7 6. Bd3 dxc4 7. Bxc4 b5 8. Bd3
a6 9. a4 Bb7 10. axb5 axb5 11. Rxa8 Qxa8 12. Qc2 b4 13. Ne4 Nxe4 14. Bxe4 c5
15. Bxb7 Qxb7 16. O-O Be7 17. Bd2 O-O 18. Rc1 Rc8 19. Qc4 Rb8 20. h3 h6 21.
dxc5 Nxc5 22. Nd4 Bf8 23. Be1 e5 24. Nb3 Nxb3 25. Qxb3 Rc8 26. Rxc8 Qxc8 27. e4
Qc1 28. Kf1 Bc5 29. Ke2 Bd4 30. Bxb4 Qxb2+ 31. Qxb2 Bxb2 32. Kd3 f6 33. Kc4 Kf7
34. Kd5 h5 35. g3 g5 36. Bd2 Ba3 37. g4 hxg4 38. hxg4 Bb2 39. f3 Bd4 40. Bc1
1/2-1/2

[Event "Elit(Vasteras-Wasa)"]
[Site "?"]
[Date "2007.02.10"]
[Round "7"]
[White "Eriksson, Jonas"]
[Black "Hellborg, Teodor"]
[Result "1-0"]
[WhiteElo "2352"]
[BlackElo "2389"]
[PlyCount "78"]
[EventDate "2007.??.??"]

1. d4 e6 2. Nf3 c5 3. e3 Nf6 4. Bd3 b6 5. O-O Be7 6. c4 cxd4 7. exd4 d5 8. Nc3
dxc4 9. Bxc4 Bb7 10. Bg5 O-O 11. Re1 Nc6 12. a3 Rc8 13. Bd3 Rc7 14. Qa4 Nd5 15.
Nxd5 Qxd5 16. Bf4 Rcc8 17. Be4 Qa5 18. Qxa5 Nxa5 19. Bxb7 Nxb7 20. Rac1 Bd6 21.
Be5 Rfd8 22. Kf1 Kf8 23. Red1 Be7 24. Ke2 Na5 25. Rxc8 Rxc8 26. d5 exd5 27.
Rxd5 f6 28. Bc3 Nc4 29. Rd3 a6 30. a4 Kf7 31. b3 Na5 32. Bxa5 bxa5 33. Nd2 Rc2
34. Kf3 Bb4 35. Nc4 Bc5 36. Ne3 Rb2 37. Nd1 Rb1 38. g4 Ke6 39. h3 Bb4 1-0

[Event "Elit(Vasteras-Wasa)"]
[Site "?"]
[Date "2007.02.10"]
[Round "7"]
[White "von Bahr, Oskar"]
[Black "Norberg, Johan"]
[Result "0-1"]
[WhiteElo "2387"]
[BlackElo "2349"]
[PlyCount "76"]
[EventDate "2007.??.??"]

1. e4 g6 2. d4 Bg7 3. Nc3 d6 4. f4 Nf6 5. Nf3 c5 6. e5 Nfd7 7. exd6 O-O 8. d5
exd6 9. Be2 Nf6 10. O-O Re8 11. Bb5 Nbd7 12. f5 a6 13. Bxd7 Bxd7 14. fxg6 fxg6
15. Ng5 Bg4 16. Qd3 b5 17. Ne6 Qb6 18. Kh1 c4 19. Qg3 Bxe6 20. dxe6 b4 21. Be3
Qb7 22. Na4 Rxe6 23. Bg1 Qc6 24. Qf3 Qxf3 25. gxf3 Nd7 26. Rad1 Rf8 27. Rd5 Ne5
28. f4 Bh6 29. Rd4 Ref6 30. Be3 g5 31. f5 g4 32. Bxh6 Rxh6 33. Nb6 g3 34. h4
Ng6 35. Rxd6 g2+ 36. Kxg2 Nxh4+ 37. Kh3 Rxd6 38. Nxc4 Rd4 0-1

[Event "Elit(Vasteras-Wasa)"]
[Site "?"]
[Date "2007.02.10"]
[Round "7"]
[White "Eriksson, Anders"]
[Black "Genkin, Michael"]
[Result "1/2-1/2"]
[WhiteElo "2393"]
[BlackElo "2350"]
[PlyCount "80"]
[EventDate "2007.??.??"]

1. Nf3 Nf6 2. g3 b6 3. Bg2 Bb7 4. c4 c5 5. O-O e6 6. Nc3 Be7 7. Re1 d6 8. e4 a6
9. d4 cxd4 10. Nxd4 Qc7 11. Be3 Nbd7 12. Rc1 Rc8 13. b3 Qb8 14. f4 Qa8 15. Bf2
O-O 16. f5 e5 17. Nc2 b5 18. Ne3 Nc5 19. Ned5 Nxd5 20. cxd5 Bd8 21. b4 Nd7 22.
a4 Bg5 23. Rc2 Rc4 24. Na2 Rxc2 25. Qxc2 Rc8 26. Qb3 Rc7 27. h4 Bh6 28. axb5
axb5 29. Bf1 Nf6 30. Bb6 Nxe4 31. Bxc7 Bxd5 32. Qc2 Nd2 33. Bxd6 Nf3+ 34. Kf2
Nxe1 35. Kxe1 Bxa2 36. Bxb5 Bd5 37. Bxe5 g6 38. Bd7 Bf8 39. fxg6 Bxb4+ 40. Bc3
Qa1+ 1/2-1/2

[Event "Elit(Vasteras-Wasa)"]
[Site "?"]
[Date "2007.02.10"]
[Round "7"]
[White "Astrom, Goran"]
[Black "Norberg, Erik"]
[Result "1/2-1/2"]
[WhiteElo "2300"]
[BlackElo "2262"]
[PlyCount "82"]
[EventDate "2007.??.??"]

1. e4 g6 2. d4 Bg7 3. Nf3 d6 4. Be2 Nf6 5. Nc3 O-O 6. O-O c6 7. a4 Qc7 8. h3 e5
9. dxe5 dxe5 10. Bc4 Nbd7 11. Be3 b6 12. Qe2 Bb7 13. Rfd1 a6 14. Nd2 b5 15. Bd3
Rfd8 16. Nb3 Bf8 17. f3 Nh5 18. axb5 axb5 19. Qf2 Nf4 20. Bf1 Ne6 21. Kh1 b4
22. Na4 c5 23. Bc4 Nd4 24. Bg5 Rdc8 25. Nxd4 cxd4 26. b3 Ra5 27. Nb2 Rca8 28.
Qf1 Ra2 29. Rxa2 Rxa2 30. Rb1 Nb6 31. Bd3 Nd7 32. Bd2 Nc5 33. Bc4 Bd6 34. Qe1
Qb6 35. Qc1 Qa5 36. Qe1 Nd7 37. Bd3 Ba6 38. Bxa6 Qxa6 39. Qc1 Be7 40. Nc4 Qb5
41. Ra1 Qa6 1/2-1/2

[Event "Elit(Vasteras-Wasa)"]
[Site "?"]
[Date "2007.02.10"]
[Round "7"]
[White "Nilsson, Andre"]
[Black "Nordstrom, Felix"]
[Result "1-0"]
[WhiteElo "2309"]
[BlackElo "2143"]
[PlyCount "77"]
[EventDate "2007.??.??"]

1. g3 c5 2. Bg2 Nc6 3. e4 g6 4. d3 Bg7 5. f4 d6 6. Nf3 e5 7. O-O Nge7 8. Nc3
O-O 9. f5 gxf5 10. Nh4 Nd4 11. Bg5 f6 12. Be3 fxe4 13. dxe4 Be6 14. Nd5 Qd7 15.
Nxe7+ Qxe7 16. c3 Nc6 17. Nf5 Bxf5 18. exf5 Rfd8 19. h4 Rd7 20. g4 Kh8 21. Bd5
Rad8 22. Qf3 e4 23. Qg2 Ne5 24. Rae1 Nf3+ 25. Rxf3 exf3 26. Qxf3 Re8 27. Be6
Rc7 28. Qd5 Rd8 29. c4 Bf8 30. Bd2 Bg7 31. Bc3 Qf8 32. Qf3 Rb8 33. a4 a6 34. a5
Re7 35. Rd1 Rd8 36. Qf4 Rc7 37. Rd5 Qe7 38. Qg3 Rc6 39. Rd1 1-0